Datum a čas kvízu
23
Celkem bodů
Celkový počet nahraných bodů na tomto kvízu bez doplňovacích otázek.
9.
Pořadí na kvízu
Konečné umístění týmu na tomto kvízu.
Zaznamenané odpovědi
| # | Otázka | Odpověď | Body | Výsledky |
|---|---|---|---|---|
| 1. | Minulý týden se podruhé oženil... | Jan Hamáček | 1 | |
| 2. | Americký prezident pokračuje v... | TikTok | 1 | |
| 3. | Minulý týden se udílely ceny B... | Černobyl | 0 | |
| 4. | Tradiční český výrobce nákladn... | Avia | 0 | |
| 5. | Nejstarší klubová soutěž na sv... | Arsenal FC, Chelsea FC | 0.5 | |
| 6. | V tomto tématu se blíže podívá... | A | 1 | |
| 7. | Tato mapa vyznačuje jistý kult... | Laponsko | 1 | |
| 8. | Jak se nazývá ostrov ležící 30... | Utøya | 0 | |
| 9. | Tento Švéd se v poslední době... | Epidemiolog. | 1 | |
| 10. | Jak se nazývá fotbalový tým, j... | Borussia Dortmund | 0 |